00701nam a22001697a 4500003000900000005001700009008004100026040001300067245017600080250001100256260003700267300001800304520008000322942001200402999001700414952010000431IT-RoPau20220918181102.0130312b xxu||||| |||| 00| 0 eng d cIT-RoPau aProvincia Italia, "Essere San Paolo oggi (San Paolo Provincia Italia, n° 16, gennaio 2006)bTraccia e suggerimenti per un Progetto circoscrizionale della Provincia Italia a1° ed aRomabSSP Provincia Italiac2006 a31 pp.c21 cm aIndice Premessa Punti di Riferimento Strategie generali Proposte operative 2ddccBK c98227d98227 00102ddc406P_C371aPAULUSbPAULUSd2013-03-12l0oP C3r2013-03-12 00:00:00w2013-03-12yBK